Byzance et la mer : la marine de guerre, la politique et les institutions maritimes de Byzance aux VIIe-XVe siècles /

محفوظ في:

المؤلف الرئيسي: Ahrweiler, Hélène (مؤلف)

التنسيق: كتاب

اللغة: French

منشور في: Paris : Presses universitaires de France, 1966.

سلاسل: Bibliothèque byzantine. Etudes ; 5.

الموضوعات:

الوسوم: إضافة وسم

لا توجد وسوم, كن أول من يضع وسما على هذه التسجيلة!

رقم الطلب: DF547 .A28 1966

LEADER 00871nam a2200253u 4500
001 691
003 OSt
005 20260106111535.0
008 130303s1966 fr b b 000 0 fre d
010 |a 66068001 
035 |a rdb04685151 
040 |c ARCE Library 
050 0 4 |a DF547 .A28 1966 
100 1 |a Ahrweiler, Hélène,  |e author  |9 24940 
245 1 0 |a Byzance et la mer :  |b la marine de guerre, la politique et les institutions maritimes de Byzance aux VIIe-XVe siècles /  |c par Helene Ahrweiler. 
264 1 |a Paris :  |b Presses universitaires de France,  |c 1966. 
300 |a 502 pages :   |b map ;   |c 24 cm. 
490 1 |a Bibliothèque byzantine. Etudes ;  |v 5. 
504 |a Includes bibliographical references.  
651 0 |a Byzantine Empire  |x History, Naval. 
830 0 |a Bibliothèque byzantine.  |p Etudes ;  |v 5. 
901 |a reviewed 
942 |c BK  |2 lcc 
999 |c 2873  |d 2873